000 00346 a2200157 4500
001 178516
020 _a
040 _cMagnum
100 _aRosa, Santa Schilaro Nereide
240 1 0 _aFestas e tradicoes
_lpor
245 1 0 _aFestas e tradicoes
362 0 _a1899
440 1 _aModerna
697 _aMAGNITO: IJ/LENDAS, FOLCLORE
942 _cBK
999 _c178516
_d178516